Statistics for EURO 2016 squads pt. 1

Click here to take the quiz!

General Stats

  • This quiz has been taken 23 times
  • The average score is 115 of 302

Answer Stats

ClubPositionPlayer% Correct
Manchester UnitedFWAnthony Martial
95%
Atlético MadridFWAntoine Griezmann
95%
Tottenham HotspurGKHugo Lloris
95%
Albania | England | France | +13 othersaa
90%
Paris Saint-GermainMFBlaise Matuidi
90%
JuventusMFPaul Pogba
90%
LiverpoolMFEmre Can
85%
Real MadridFWGareth Bale
85%
Tottenham HotspurFWHarry Kane
85%
Bayern MunichFWKingsley Coman
85%
Bayern MunichGKManuel Neuer
85%
Borussia DortmundDFMats Hummels
85%
ArsenalFWOlivier Giroud
85%
Borussia MönchengladbachGKYann Sommer
85%
ArsenalMFAaron Ramsey
80%
West Ham UnitedMFDimitri Payet
80%
Leicester CityFWJamie Vardy
80%
Bayern MunichDFJérôme Boateng
80%
Manchester CityGKJoe Hart
80%
LiverpoolMFJordan Henderson
80%
Tottenham HotspurDFKyle Walker
80%
BarcelonaGKMarc-André ter Stegen
80%
Manchester UnitedFWMarcus Rashford
80%
Leicester CityMFN'Golo Kanté
80%
JuventusMFSami Khedira
80%
MarseilleGKSteve Mandanda
80%
Bayern MunichFWThomas Müller
80%
Real MadridMFToni Kroos
80%
Manchester UnitedMFBastian Schweinsteiger
75%
ArsenalMFMesut Özil
75%
JuventusDFPatrice Evra
75%
Bayern MunichFWRobert Lewandowski
75%
Manchester UnitedFWWayne Rooney
75%
Stoke CityMFXherdan Shaqiri
75%
UANLFWAndré-Pierre Gignac
70%
Manchester CityDFBacary Sagna
70%
Tottenham HotspurDFDanny Rose
70%
LiverpoolGKDanny Ward
70%
Tottenham HotspurMFEric Dier
70%
ChelseaDFGary Cahill
70%
LiverpoolMFJames Milner
70%
Nottingham ForestMFJamie Ward
70%
1. FC KölnDFJonas Hector
70%
ArsenalDFLaurent Koscielny
70%
Tottenham HotspurDFBen Davies
65%
BaselFWBreel Embolo
65%
Borussia MönchengladbachMFGranit Xhaka
65%
Manchester CityMFRaheem Sterling
65%
JuventusDFStephan Lichtsteiner
65%
BaselMFTaulant Xhaka
65%
Schalke 04DFBenedikt Höwedes
60%
LiverpoolFWDaniel Sturridge
60%
Tottenham HotspurMFDele Alli
60%
NapoliDFElseid Hysaj
60%
SouthamptonGKFraser Forster
60%
ArsenalMFJack Wilshere
60%
LiverpoolMFJoe Allen
60%
VfL WolfsburgMFJulian Draxler
60%
GalatasarayFWLukas Podolski
60%
Newcastle UnitedMFMoussa Sissoko
60%
LiverpoolDFNathaniel Clyne
60%
Borussia DortmundGKRoman Bürki
60%
Crystal PalaceGKWayne Hennessey
60%
RomaGKWojciech Szczęsny
60%
SevillaDFAdil Rami
55%
Dynamo KyivFWAndriy Yarmolenko
55%
AjaxFWArkadiusz Milik
55%
Bayer LeverkusenGKBernd Leno
55%
Manchester CityDFEliaquim Mangala
55%
RennesMFGelson Fernandes
55%
Eintracht FrankfurtFWHaris Seferovic
55%
CSKA MoscowGKIgor Akinfeev
55%
TorinoDFKamil Glik
55%
Swansea CityGKŁukasz Fabiański
55%
BeşiktaşFWMario Gómez
55%
Bayern MunichMFMario Götze
55%
LiverpoolDFMartin Škrtel
55%
Manchester UnitedMFMorgan Schneiderlin
55%
LyonDFSamuel Umtiti
55%
ValenciaDFShkodran Mustafi
55%
Manchester UnitedDFChris Smalling
50%
Blackburn RoversMFCorry Evans
50%
ReadingFWHal Robson-Kanu
50%
Bayer LeverkusenDFJonathan Tah
50%
West Bromwich AlbionDFJonny Evans
50%
Bayern MunichDFJoshua Kimmich
50%
MilanMFJuraj Kucka
50%
Borussia DortmundDFŁukasz Piszczek
50%
Borussia MönchengladbachDFNico Elvedi
50%
VfL WolfsburgDFRicardo Rodriguez
50%
SevillaMFYevhen Konoplyanka
50%
Zenit Saint PetersburgFWArtem Dzyuba
45%
Swansea CityDFAshley Williams
45%
1899 HoffenheimDFFabian Schär
45%
GillinghamFWGeorge Williams
45%
SevillaMFGrzegorz Krychowiak
45%
FiorentinaMFJakub Błaszczykowski
45%
EvertonDFJohn Stones
45%
Milton Keynes DonsMFJonny Williams
45%
Schalke 04MFLeroy Sané
45%
RomaDFLucas Digne
45%
NapoliMFMarek Hamšík
45%
Inverness Caledonian ThistleGKOwain Fôn Williams
45%
BurnleyGKTom Heaton
45%
Crystal PalaceMFYohan Cabaye
45%
LiverpoolMFAdam Lallana
40%
CSKA MoscowMFAleksandr Golovin
40%
VfL WolfsburgMFAndré Schürrle
40%
Shakhtar DonetskGKAndriy Pyatov
40%
BournemouthGKArtur Boruc
40%
FiorentinaGKCiprian Tătărușanu
40%
SampdoriaDFMilan Škriniar
40%
Steaua BucureștiMFNicolae Stanciu
40%
EmpoliMFPiotr Zieliński
40%
SouthamptonDFRyan Bertrand
40%
Shakhtar DonetskMFTaras Stepanenko
40%
GençlerbirliğiFWBogdan Stancu
35%
LazioGKEtrit Berisha
35%
RennesMFKamil Grosicki
35%
Legia WarsawMFOndrej Duda
35%
EvertonMFRoss Barkley
35%
WatfordMFValon Behrami
35%
Zenit Saint PetersburgFWAleksandr Kokorin
30%
RennesGKBenoît Costil
30%
GenoaMFBlerim Džemaili
30%
ReadingDFChris Gunter
30%
Young BoysMFDenis Zakaria
30%
CórdobaFWFlorin Andone
30%
Borussia DortmundMFJulian Weigl
30%
Swansea CityDFNeil Taylor
30%
Hertha BSCDFPeter Pekarík
30%
Rayo VallecanoDFRăzvan Raț
30%
BurnleyFWSam Vokes
30%
NapoliDFVlad Chiricheș
30%
Bayer LeverkusenFWAdmir Mehmedi
25%
Leicester CityMFAndy King
25%
WatfordGKCostel Pantilimon
25%
Crystal PalaceMFJoe Ledley
25%
NantesDFLorik Cana
25%
FC AugsburgGKMarwin Hitz
25%
Hamilton AcademicalGKMichael McGovern
25%
UfaDFOleksandr Zinchenko
25%
SouthamptonMFSteven Davis
25%
Legia WarsawDFArtur Jędrzejczyk
20%
WatfordDFCraig Cathcart
20%
KasımpaşaFWEren Derdiyok
20%
Mainz 05MFFabian Frei
20%
Zagłębie LubinMFFilip Starzyński
20%
Lokomotiv MoscowDFJán Ďurica
20%
FulhamDFJazz Richards
20%
KilmarnockFWJosh Magennis
20%
Wisła KrakówMFKrzysztof Mączyński
20%
Legia WarsawDFMichał Pazdan
20%
AberdeenMFNiall McGinn
20%
Manchester UnitedDFPaddy McNair
20%
PAOKMFRóbert Mak
20%
PalermoDFThiago Cionek
20%
Dynamo MoscowDFTomáš Hubočan
20%
Al-GharafaMFVladimír Weiss
20%
Wigan AthleticFWWill Grigg
20%
Shakhtar DonetskDFYaroslav Rakitskiy
20%
CSKA MoscowDFAleksei Berezutski
15%
Steaua BucureștiMFAlexandru Chipciu
15%
FrosinoneDFArlind Ajeti
15%
VaduzFWArmando Sadiku
15%
CracoviaMFBartosz Kapustka
15%
CagliariDFBartosz Salamon
15%
FulhamDFChris Baird
15%
Queens Park RangersFWConor Washington
15%
Spartak MoscowMFDenis Glushakov
15%
Al-SailiyaDFDragoș Grigore
15%
ToulouseDFFrançois Moubandje
15%
West Bromwich AlbionDFGareth McAuley
15%
Zenit Saint PetersburgDFIgor Smolnikov
15%
Lechia GdańskDFJakub Wawrzyniak
15%
West Bromwich AlbionDFJames Chester
15%
West Ham UnitedDFJames Collins
15%
Lech PoznańMFKarol Linetty
15%
Birmingham CityFWKyle Lafferty
15%
Ruch ChorzówFWMariusz Stępiński
15%
1. FC KölnDFMërgim Mavraj
15%
Viktoria PlzeňFWMichal Ďuriš
15%
RijekaMFOdise Roshi
15%
CSKA MoscowDFSergei Ignashevich
15%
Lechia GdańskMFSławomir Peszko
15%
İstanbul BaşakşehirFWSokol Cikalleshi
15%
Legia WarsawMFTomasz Jodłowiec
15%
CSKA MoscowDFVasili Berezutski
15%
Melbourne CityDFAaron Hughes
10%
SC FreiburgMFAmir Abrashi
10%
ZürichMFBurim Kukeli
10%
Ludogorets RazgradFWClaudiu Keșerü
10%
Fleetwood TownDFConor McLaughlin
10%
Pandurii Târgu JiuDFCristian Săpunaru
10%
Birmingham CityFWDavid Cotterill
10%
Wolverhampton WanderersFWDavid Edwards
10%
Astra GiurgiuFWDenis Alibec
10%
LuganoDFFrédéric Veseli
10%
KrasnodarFWFyodor Smolov
10%
AnkarasporMFGabriel Torje
10%
Slovan BratislavaGKJán Mucha
10%
Hamburger SVDFJohan Djourou
10%
PescaraMFLedian Memushaj
10%
Al-IttihadMFLucian Sânmărtean
10%
BaselDFMichael Lang
10%
Steaua BucureștiMFMihai Pintilii
10%
Zenit Saint PetersburgMFOleg Shatov
10%
ReadingMFOliver Norwood
10%
Dnipro DnipropetrovskFWRoman Zozulya
10%
Notts CountyGKRoy Carroll
10%
Dnipro DnipropetrovskMFRuslan Rotan
10%
MillwallMFShane Ferguson
10%
AberdeenFWSimon Church
10%
Young BoysDFSteve von Bergen
10%
Leeds UnitedMFStuart Dallas
10%
ŽilinaMFViktor Pečovský
10%
Willem IIFWAdam Nemec
5%
Steaua BucureștiMFAdrian Popa
5%
St JohnstoneGKAlan Mannus
5%
PartizaniGKAlban Hoxha
5%
Dinamo ZagrebDFAlexandru Mățel
5%
PAS GianninaDFAndi Lila
5%
Ludogorets RazgradMFAndrei Prepeliță
5%
QarabağDFAnsi Agolli
5%
Dnipro DnipropetrovskDFArtem Fedetskyi
5%
RijekaFWBekim Balaj
5%
Ludogorets RazgradDFCosmin Moți
5%
Nottingham ForestMFDavid Vaughan
5%
BeşiktaşGKDenys Boyko
5%
Dynamo KyivMFDenys Harmash
5%
PAOKMFErgys Kaçe
5%
NantesMFErmir Lenjani
5%
Viktoria PlzeňGKMatúš Kozáčik
5%
ComoMFMigjen Basha
5%
Zorya LuhanskGKMykyta Shevchenko
5%
BaselDFNaser Aliji
5%
RomaDFNorbert Gyömbér
5%
Skënderbeu KorçëGKOrges Shehi
5%
Hapoel Be'er ShevaMFOvidiu Hoban
5%
Viktoria PlzeňMFPatrik Hrošovský
5%
KrasnodarMFPavel Mamayev
5%
CSKA MoscowMFRoman Shirokov
5%
Dynamo KyivMFSerhiy Sydorchuk
5%
GrasshoppersFWShani Tarashaj
5%
Colorado RapidsFWShkëlzen Gashi
5%
FerencvárosFWStanislav Šesták
5%
Dinamo BucureștiDFSteliano Filip
5%
Astra GiurgiuDFValerică Găman
5%
Shakhtar DonetskMFViktor Kovalenko
5%
Shakhtar DonetskDFVyacheslav Shevchuk
5%
Dynamo KyivDFYevhen Khacheridi
5%
Zenit Saint PetersburgGKYuri Lodygin
5%
Lokomotiv MoscowMFAleksandr Samedov
0%
Kairat AlmatyMFAnatoliy Tymoshchuk
0%
Zenit Saint PetersburgMFArtur Yusupov
0%
Amkar PermDFBohdan Butko
0%
LyonDFChristophe Jalet
0%
Spartak MoscowDFDmitri Kombarov
0%
KrasnodarMFDmitri Torbinski
0%
1. FC KölnDFDušan Švento
0%
CSKA MoscowDFGeorgi Shchenikov
0%
Lokomotiv MoscowGKGuilherme Marinato
0%
Baumit JablonecMFJán Greguš
0%
Rapid WienGKJán Novota
0%
Slovan BratislavaDFKornel Saláta
0%
Milton Keynes DonsDFLee Hodson
0%
Doncaster RoversDFLuke McCollough
0%
BursasporMFMiroslav Stoch
0%
Terek GroznyMFOleg Ivanov
0%
Zorya LuhanskMFOleksandr Karavayev
0%
Shakhtar DonetskDFOleksandr Kucher
0%
Zorya LuhanskFWPylyp Budkivskyi
0%
Schalke 04DFRoman Neustädter
0%
Lokomotiv MoscowDFRoman Shishkin
0%
Dynamo KyivMFSerhiy Rybalka
0%
Astra GiurgiuGKSilviu Lung
0%
Kuban KrasnodarFWYevhen Seleznyov
0%

Score Distribution

Percentile by Number Answered

Percent of People with Each Score

Your Score History

You have not taken this quiz